Itävallan naapurimaat - Statistics

Yleistilastot
  • Tätä visaa on pelattu 1 997 kertaa
  • Keskiarvotulos 7 / 8
Vastaustilastot
Pituus (km) Valtio % Oikein
784 Saksa
99%
164 Sveitsi
96%
430 Italia
95%
362 Tšekki
95%
91 Slovakia
94%
330 Slovenia
94%
366 Unkari
90%
35 Liechtenstein
86%
Ehtoja vastaavia visoja ei löytynyt
Tulosjakauma
Jokaisen tuloksen saaneiden osuus
Persentiili vastausten määrän mukaan
Tuloshistoriasi
Et ole pelannut tätä visaa